Historia de la Corte Superior de Justicia de Arequipa : (Registro nro. 22102)

Detalles MARC
000 -Cabecera
Campo de control interno 01012nam a2200253Ia 4500
005 - Fecha y hora del registro
control field 20260320113343.0
008 - Elementos de Longitud Fija
fixed length control field 260320s9999||||xx |||||||||||||| ||und||
020 ## - ISBN
ISBN 9786124736438
041 ## - Idioma
Codigo Idioma ESP
082 ## - DEWEY y NOTACIÓN INTERNA
Dewey 345.73018541
Notación Interna A68H
100 ## - AUTOR
Autor denominación Arce Espinoza, Mario Rommel,
Término de relación autor
245 #0 - TÍTULO DE MATERIAL BIBLIOGRÁFICO
Título Historia de la Corte Superior de Justicia de Arequipa :
Título paralelo doscientos años de memoria e identidad (1825-2025)
246 ## - TÍTULO TRADUCIDO
Título
Título paralelo
Autor
250 ## - EDICIÓN
Edición Segunda edición
260 ## - CIUDAD, EDITORIAL, AÑO
Ciudad Arequipa :
Nombre de la Editorial Corte Superior de Justicia de Arequipa,
Año 2025
300 ## - DESCRIPCIÓN
N° Páginas 361 páginas :
Otros detalles cuadros, fotos ;
Dimensiones 25 cm.
Material Adicional
440 ## - MENCIÓN DE SERIE
Título de la Serie
Número de Serie
Volumen de Serie
650 ## - TEMAS
Temas Ciencias Sociales
653 ## - DESCRIPTORES
Lenguajes no controlado Derecho; Derecho procesal civil; Corte Superior de Justicia, historia; Arequipa (Perú)
700 ## - OTROS AUTORES
Otros autores
Títulos y otras palabras asociadas con el nombre
856 ## - URL - UBICACIÓN
URI/URL: Enlace exacto del recurso <a href="https://0u214rx7b-y-https-app-vlex-com.itmsp.museknowledge.com/search/jurisdiction:PE/Historia+de+la+Corte+superior+de+justicia+Arequipa+memoria+e+identidad">https://0u214rx7b-y-https-app-vlex-com.itmsp.museknowledge.com/search/jurisdiction:PE/Historia+de+la+Corte+superior+de+justicia+Arequipa+memoria+e+identidad</a>
Nota pública: Versión digital <a href="Véase además: Base de datos Vlex">Véase además: Base de datos Vlex</a>
942 ## - ELEMENTOS DE KOHA
Tipo de documento Libro
Nombre del creador Justo Noguera
Código de catalogador Mirtha Ponce
Esquema de clasificación Dewey Decimal Classification
Suppress in OPAC
Existencias
Codigo completo Registro Colección Copia número Disponibilidad Tipo de préstamo Biblioteca Actual Procedencia (Biblioteca) Ubicacón Fecha Ingreso Tipo de Adquisición Observación Date last seen Total checkouts Price effective from Tipo de Item Estado del Material Fuente de Clasificación Damaged status Withdrawn status
345.73018541 A68H 1088048 Universidad Católica San Pablo 1 Disponible Disponible Víctor Andrés Belaunde Víctor Andrés Belaunde Primer piso 10/03/2026 Donación Mario Arce 20/03/2026   20/03/2026 Libro Bueno Dewey Decimal Classification